000 00441nam a2200193Ia 4500
005 20240823024434.0
008 240823s9999||||xx |||||||||||||| ||und||
020 _a81-7273-273-2
041 _aENGLISH
082 _A418 P6
100 _a"Gopalakrishnan,P.N"
245 0 _aIdioms and Phrases
250 _a1st
260 _c2006
_bAuthors
_aDelhi
500 _aTRANSFERED
650 _aENG
_bEnglish
942 _cBK
999 _c183920
_d183920